Reflections on statistics : learning, teaching, and assessment in grades K-12

Αποθηκεύτηκε σε:
Λεπτομέρειες βιβλιογραφικής εγγραφής
Άλλοι συγγραφείς: Lajoie, Susanne (Επιμελητής έκδοσης)
Μορφή: Βιβλίο
Γλώσσα:English
Δημοσίευση: Mahwah, New Jersey : Lawrence Erlabaum Associates, 1998
Σειρά:Studies in mathematical thinking and learning
Θέματα:
Ετικέτες: Προσθήκη ετικέτας
Δεν υπάρχουν, Καταχωρήστε ετικέτα πρώτοι!

MARC

LEADER 00000cam a2200000 i 4500
001 1/17207
008 010213s1998 eng d
020 |a 0-8058-1972-X 
035 |l 10066050 
040 |a GR-MY-UA  |b gre  |e aacr 
041 0 |a eng 
082 0 |a 519.5071 
245 1 0 |a Reflections on statistics :  |b learning, teaching, and assessment in grades K-12 /  |c edited by Susanne P. Lajoie 
260 |a Mahwah, New Jersey :   |b Lawrence Erlabaum Associates,   |c 1998 
300 |a 336 p.;  |b fig., tabl.;  |c 23 cm 
490 1 |a Studies in mathematical thinking and learning 
504 |a Includes bibliographical references and index 
650 0 0 |a Mathematical statistics  |x Study and teaching. 
700 1 |a Lajoie, Susanne.  |4 edt 
830 0 |a Studies in mathematical thinking and learning 
852 |a INST  |b RHODES  |e 20020620  |h 519.5071 REF  |p 005400016400  |q 005400016400  |t BK  |y 0 
852 |a INST  |b RHODES  |e 20010213  |h 519.5071 REF  |p 005400017266  |q 005400017266  |t BK  |y 0 
901 |a BIBL4-2001-1 
909 |a Ρ  |b 084095 
909 |a Ρ  |b 101262 
922 |a 4ΕΛΗ  |b 200011  |c ΚΠΣ/Ν 
950 |a 096-2000-09-18 
970 |a ΧΟΡΟΖΙΔΟΥ  |b ΤΖΕΝΗ  |z 2001/02/13